India: Greenhouse Gas Emissions 2007 (Record no. 44836)

MARC details
000 -LEADER
fixed length control field 00297nam a2200109Ia 4500
082 ## - DEWEY DECIMAL CLASSIFICATION NUMBER
Classification number 504.3.054
Item number INC
245 #0 - TITLE STATEMENT
Title India: Greenhouse Gas Emissions 2007
260 ## - PUBLICATION, DISTRIBUTION, ETC. (IMPRINT)
Place of publication India
Name of publisher Ministry of Environment and Forests
Year of publication 2010
300 ## - PHYSICAL DESCRIPTION
Number of Pages 64p.
942 ## - ADDED ENTRY ELEMENTS (KOHA)
Koha item type Books
Holdings
Withdrawn status Lost status Damaged status Not for loan Home library Current library Date acquired Source of acquisition Full call number Accession Number Koha item type
        RRII Library RRII Library 16/12/2021 Gift 504.3.054 INC G01580 Books